| 000 | 00497nam a22001697a 4500 | ||
|---|---|---|---|
| 003 | 0 | ||
| 005 | 20231117120806.0 | ||
| 008 | 231117b xxu||||| |||| 00| 0 eng d | ||
| 020 | _a978-621-451-013-9 | ||
| 050 |
_aPE 1112 _b.T43 2021 |
||
| 245 | _aThe teaching and assessment of grammar | ||
| 260 |
_aManila _bEDRIC Publishing House _cc2021. |
||
| 300 |
_axiv, 74 pages ; _c26 cm. |
||
| 504 | _aIncludes bibliographical references. | ||
| 650 | _aEnglish language--grammar. | ||
| 942 |
_2lcc _cBK |
||
| 999 |
_c365622 _d365622 |
||